Jusqu'où irez vous ? #6 (Culture Générale) - Statistiques

Statistiques générales
  • Ce quiz a été pris 174 fois
  • Le résultat moyen est 21 sur 50
Statistiques - réponses
Hint Réponse % Correct
Devient l'application de messagerie la plus utilisée au monde en 2015 =_ _ATSAPP WH
100%
Jeu de société dans lequel les joueurs doivent découvrir parmi eux qui est le meurtrier d'un crime commis dans un manoir anglais, le Manoir Tudor = C_UE_O LD
98%
Fruit du pacanier =NOI_ DE _ECAN XP
98%
Os situé au niveau de la partie antérieure de la cage thoracique = ST_ _NUM ER
97%
Chanson de Renaud, sortie en 1985 = M_ _TRAL GAGNANT IS
97%
A dit : La paix est la seule bataille qui vaille la peine d'être menée =ALBERT CAM_ _ US
97%
Fauteuil 2 de l'Académie française du 5 janvier 1728 au 10 février 1755 = MON_ES_UIEU TQ
95%
Véhicule 4x4 aux roues surdimensionnées, qui sert aux spectacles où sont écrasées des voitures = MONSTER _ RUC_ TK
93%
Habitant de Langres en Haute-Marne = LANGR_ _S OI
92%
Appareil constitué d'un disque dont l'axe de rotation est libre de prendre toutes les orientations possibles grâce à un système de cardans =G_ _OSCOPE YR
78%
Marque française de boisson et de produits chocolatés lancé en 1914 = _ _NANIA BA
68%
Ecrivain pragois de langue allemande considéré comme l'un des écrivains majeurs du XXe siècle =FRANZ KAF_ _ KA
68%
A dit : "Exige beaucoup de toi-même et attends peu des autres. Ainsi beaucoup d'ennuis te seront épargnés." =_ _NFUCIUS CO
66%
Prix Nobel de la paix en 1979 = MERE _ERE_A TS
64%
Chanteur Français qui a crée en 1971 le Big Bazar, une troupe de chanteurs et danseurs habillés de vêtements amples et coloré : MICHEL _ _GAIN FU
58%
Génie (bon ou mauvais), dans le Coran et les légendes musulmanes = D_ _NN JI
50%
Epice constituée par le fruit de certaines orchidées lianescentes tropicales =_ _NILLE VA
49%
Chaîne de télévision thématique française initialement appelée France Courses = E_ _IDIA QU
42%
Victor Hugo a dit : L'enfer n'existe pas pour les animaux, ils y sont ..._ _JA DE
41%
Ensemble des organismes d'État chargés de l'établissement de l'assiette des impôts, de sa perception et de son contrôle =_ _SC FI
41%
Fabienne Lepic dans la série TV Fais pas ci, fais pas ça = VALERIE BO_ _ETON NN
40%
Sénèque a dit : La vie, ce n'est pas d'attendre que les orages passent, c'est d'apprendre à danser sous la ...P_ _IE LU
38%
Concentration de glucose dans le sang, ou le plus souvent dans le plasma sanguin =GL_ _EMIE YC
38%
Enveloppe de certains fromages =_ _OUTE CR
37%
Matériau préparé à partir de la peau d'un animal, principalement utilisé dans l'habillement et la décoration sous un grand nombre de formes =_ _ IR CU
37%
Récipient à col légèrement resserré et disposant d'un bec verseur =_IC_ET PH
37%
Champagne que boit James Bond dans la majorité de ses films =BOLLI_ _ER NG
32%
Emission de télévision française de télé-réalité présentée par Flavie Flament (quotidienne et prime-time) et Arthur (prime-time) et diffusée sur TF1 du 26 avril 2003 au 5 juillet 2003 =NICE _ _OPLE PE
31%
Animateur de télévision et humoriste français qui a pour vrai nom Jean-Christophe Le Texier =_E_ TX
30%
Terme argotique et vulgaire utilisé en français pour désigner le pénis (dans sa version écrite la plus loin dans l'alphabet) = _ _EG ZG
30%
Danse sans contact qui se pratique en ligne, seul ou en couple =_A_ISON MD
29%
Pokémon Numéro 0050 = TAU_I_UEUR PQ
27%
Archimède a dit : Donnez-moi un point fixe et un levier et je soulèverai la ..._E_RE TR
27%
"Dis, quand reviendras-tu ?" est une chanson sortie en 1964 de : _AR_ARA BB
26%
Autrefois, sonnerie de cloches civile pour alerter la population d'un danger imminent tel qu'un incendie, une invasion, une catastrophe naturelle, un naufrage etc = _O_SIN TC
22%
Chanson de Madame Monsieur au Concours Eurovision de la chanson 2018 =MER_ _ CY
20%
« deuil » ou « chagrin » en anglais =_ _IEF GR
18%
Réalisateur du film Un long dimanche de fiançailles sorti en 2004 = JEAN-PIERRE _ _UNET JE
18%
Capitale et deuxième ville de l'État de Caroline du Nord =_ _LEIGH RA
18%
Caroline Drancourt dans la série TV Sous le Soleil = ADELINE BLO_ _IEAU ND
17%
Aux échecs, situation dans laquelle une pièce menacée ne peut pas se déplacer sans exposer une pièce de plus grande valeur à une capture =CL_ _AGE OU
13%
Déclaré vainqueur du Tour de France 2006 de cyclisme, le 21 septembre 2007, soit plus d'un an après la course =OSCAR _EREIR_ PO
12%
Personnage des Évangiles n'apparaissant qu'au cours du procès de Jésus =BAR_ _BAS AB
9%
Député de Vaucluse, il est de nombreuses fois ministre, dont ministre de la Guerre en 1933-1934 puis entre juin 1936 et mai 1940, et trois fois président du Conseil = EDOUARD DA_ _DIER LA
9%
Militant négationniste français qui apparaît, sous son propre nom, dans le film L'Antisémite de Dieudonné (2012) : ROBERT _ _URISSON FA
8%
Joueur français de rugby à XV avec 39 sélections en équipe de France =_ U_GENCE OUEDRAOGO FL
8%
Autre nom donné en français à Homiel, la deuxième ville de Biélorussie : _ _MEL GO
8%
Dieu de la mythologie égyptienne des forces mauvaises et de la nuit (représenté par un serpent), personnification du chaos, du mal, de l'obscurité, cherchant à anéantir la création divine = APOP_ _S HI
8%
Grâce à sa sixième place lors du Grand Prix d'Espagne 1975, elle est devenue la seule femme à être classée au championnat du monde de Formule 1 (21e avec 0,5 point) =LELLA LO_ _ARDI MB
7%
Nom du personnage joué par Robert Hossein dans le film Le Professionnel (1981) = le commissaire RO_ _N SE
5%
Aucun quiz correspondant
Distribution des résultats
% des personnes avec chaque résultat
Percentile par nombre de réponses
Votre historique - résultats
Vous n’avez pas pris ce quiz